A glimpse of eternal snows : (Record no. 94391)

MARC details
000 -LEADER
fixed length control field 00610nam a22001817a 4500
005 - DATE AND TIME OF LATEST TRANSACTION
control field 20150804160316.0
010 ## - LCCN (DPL NO)
LC control number ENG-113308
020 ## - INTERNATIONAL STANDARD BOOK NUMBER
Terms of availability 395.00
International Standard Book Number 9788193071074
035 ## - SYSTEM CONTROL NUMBER
System control number EN-96840
037 ## - SOURCE OF ACQUISITION
Source of stock number/acquisition DBAD/PUB
082 ## - DEWEY DECIMAL CLASSIFICATION NUMBER
Classification number 362.1989280092
100 ## - MAIN ENTRY--PERSONAL NAME
Personal name Wilson- Howarth, Jane
245 ## - TITLE STATEMENT
Title A glimpse of eternal snows :
Statement of responsibility, etc by Jane Wilson-Howarth
Remainder of title a journey of love and loss in the Himalayas /
260 ## - PUBLICATION, DISTRIBUTION, ETC. (IMPRINT)
Place of publication, distribution, etc New Delhi
Name of publisher, distributor, etc Speaking Tiger
Date of publication, distribution, etc 2015
270 ## - ADDRESS
Address 4381/4, Ansari Road, Daryaganj,
City New Delhi
Postal code 110002
300 ## - PHYSICAL DESCRIPTION
Extent vii,380p.
Dimensions 21cm(pbk)
942 ## - ADDED ENTRY ELEMENTS (KOHA)
Source of classification or shelving scheme Dewey Decimal Classification
Item type English Books
Call number suffix WIL
Classification part 362.1989280092
Holdings
Withdrawn status Lost status Not for loan Collection code Home library Current library Date acquired Source of acquisition Cost, normal purchase price Full call number Barcode Copy number Cost, replacement price Koha item type
    Not For Loan Non-fiction D.B.Act.Division D.B.Act.Division 19/06/2015 DBAD/PUB 395.00 362.1989280092 WIL EN-96840 1 395.00 English Books

© Delhi Public Library
Hit Counter
free hit counter